000 00284nam a2200133Ia 4500
100 _aCrouse/William H
942 _cBK
654 _aMechanics
245 _aAutomobile Mechanics
260 _bMc Graw Hill
_aSt. Louis
_c1956
082 _a629.23
300 _a616
546 _aENGLISH
999 _c30331
_d30331